000 00914nam a2200253Ia 4500
003 OSt
005 20220930192425.0
006 a|||||r|||| 00| 0
007 ta
008 220926b |||||||| |||| 00| 0 eng d
024 _a10163
037 _cDissertations
040 _aCRL
_cCRL
_beng
041 _2eng
_aeng
100 _aGoyal Sushma
_9561203
110 _aUniversity of Delhi. Faculty of Medical Sciences. Department of Obstetrics and Gynaecology
245 0 _aClinical evalution of late mid-trimester abortion by a modified technique of intra amniotic hypertonic saline instillation
260 _c1981
650 _aWOMEN - DISEASES
700 _a Dr S G Bhagwanani Supervisor
_9520321
700 _aUniversity of Delhi. Faculty of Medical Sciences. Department of Obstetrics and Gynaecology
942 _cDIS
_2CC
999 _c895168
_d895168